LEADER 02316oam 2200577I 450 001 9910792527903321 005 20230808201639.0 010 $a1-351-95683-3 010 $a1-315-26203-7 024 7 $a10.4324/9781315262031 035 $a(CKB)3710000001081962 035 $a(MiAaPQ)EBC4816834 035 $a(Au-PeEL)EBL4816834 035 $a(CaPaEBR)ebr11356017 035 $a(OCoLC)975224888 035 $a(OCoLC)974711489 035 $a(EXLCZ)993710000001081962 100 $a20180706e20162004 uy 0 101 0 $aeng 135 $aurcnu|||||||| 181 $2rdacontent 182 $2rdamedia 183 $2rdacarrier 200 10$aAsia Pacific and human rights $ea global political economy perspective /$fPaul Close and David Askew 210 1$aLondon :$cRoutledge,$d2016. 215 $a1 online resource (241 pages) 225 1 $aThe International Political Economy of New Regionalisms Series 300 $aFirst published 2004 by Ashgate Publishing. 311 $a0-7546-3629-1 311 $a1-351-95684-1 320 $aIncludes bibliographical references and index. 327 $a1. Setting the scene -- 2. Power, politics and the idea of human rights -- 3. Asian ways -- 4. The Asia Pacific game of human rights -- 5. Asia Pacific realism and human rights -- 6. Asia Pacific regionalism and human rights -- 7. The meaning of human rights and the uncertainty of death -- 8. Political rights of non-nationals : the constitutional debate in Japan -- 9. Indigenous peoples of the Asia Pacific : a case study of the Ainu -- 10. Globalization, sovereignty, intemational law and human rights. 410 0$aInternational political economy of new regionalisms series. 606 $aHuman rights$zEast Asia 606 $aHuman rights$zSoutheast Asia 606 $aHuman rights$zPacific Area 606 $aHuman rights$xInternational cooperation 615 0$aHuman rights 615 0$aHuman rights 615 0$aHuman rights 615 0$aHuman rights$xInternational cooperation. 676 $a323/.095 700 $aClose$b Paul.$0553973 701 $aAskew$b David$0595563 801 0$bMiAaPQ 801 1$bMiAaPQ 801 2$bMiAaPQ 906 $aBOOK 912 $a9910792527903321 996 $aAsia Pacific and human rights$9992636 997 $aUNINA LEADER 01741nas 2200529- 450 001 9910303535503321 005 20240204213017.0 011 $a2374-281X 035 $a(DE-599)ZDB2780680-7 035 $a(OCoLC)883921379 035 $a(CKB)2670000000555641 035 $a(CONSER)--2014202640 035 $a(EXLCZ)992670000000555641 100 $a20140718b19451956 --- a 101 0 $aeng 135 $aur||||||||||| 181 $ctxt$2rdacontent 182 $cc$2rdamedia 183 $acr$2rdacarrier 200 00$aBulletin of the National Association for Nursery Education 210 1$aChicago :$cNational Association for Nursery Education,$d[1945-1956] 215 $a1 online resource (11 volumes) 311 $a2334-4024 517 1 $aN.A.N.E. bulletin 517 1 $aNANE bulletin 606 $aEducation, Preschool$vPeriodicals 606 $aEducation, Primary$vPeriodicals 606 $aEducation, Preschool$2fast$3(OCoLC)fst00903161 606 $aEducation, Primary$2fast$3(OCoLC)fst00903204 606 $aÉducation préscolaire$vPériodiques 608 $aCzasopismo pedagogiczne.$2dbn 608 $aPeriodicals.$2fast 608 $aPeriodicals.$2lcgft 608 $aperiodicals.$2aat 608 $aPériodiques.$2rvmgf 610 $aTheory & Practice of Education 615 0$aEducation, Preschool 615 0$aEducation, Primary 615 7$aEducation, Preschool. 615 7$aEducation, Primary. 615 6$aÉducation préscolaire 676 $a372.21 712 02$aNational Association for the Education of Young Children, 906 $aJOURNAL 912 $a9910303535503321 996 $aBulletin of the National Association for Nursery Education$92186701 997 $aUNINA